000 00452nam a2200205Ia 4500
005 20250425162111.0
008 250425s9999 xx 000 0 und d
020 _a0471469049
041 _aeng
082 _a153.35
245 0 _aCLUSTERS OF CREATIVITY
250 _aS.E.
260 _aS.L.
260 _aSin Pais
_bJOHN WILWY&SONS
_c2002
300 _a281
650 _aCREATIVIDAD
650 _aDINAMICA
942 _c01
010 _a50039
999 _c222342
_d222342